000 00378nam a2200157Ia 4500
005 20240820012644.0
008 240331s9999 xx 000 0 und d
082 _bWEE
_a398.20
100 _aWeerakoon, R
245 0 _aSri Lanka's mythology
260 _aColombo
_bSamayawardhana
_c1985
300 _a185 p .,
650 _aMythology
650 _aBuddhist Culture
942 _cL
999 _c2977
_d2977